[Event "GER-chT U14 Girls"]
[Site "Greifswald"]
[Date "2003.12.28"]
[Round "3.3"]
[White "Bothe, Ann Marie"]
[Black "Heider, Julia"]
[Result "1-0"]
[WhiteElo "814"]
[BlackElo "718"]
[PlyCount "97"]
[EventDate "2003.12.27"]
[EventType "team-swiss"]
[EventRounds "7"]
[EventCountry "GER"]
[SourceTitle "EXT 2022"]
[Source "ChessBase"]
[SourceDate "2021.10.06"]
[SourceVersion "1"]
[SourceVersionDate "2021.10.06"]
[SourceQuality "1"]
[WhiteTeam "Graefelfing SK U14 Girls"]
[BlackTeam "Ruedersdorf Glueckauf U14 Girls"]
[WhiteTeamCountry "GER"]
[BlackTeamCountry "GER"]

1. e4 e5 2. Nf3 Nc6 3. d4 exd4 4. Nxd4 Bc5 5. Be3 Qf6 6. c3 Nge7 7. Nxc6 dxc6 8. Bxc5 0-0 9. Qd4 Qe6 10. Bc4 Qg6 11. g3 Re8 12. Bxe7 Be6 13. Bxe6 Qxe6 14. Bc5 Rad8 15. Qe3 b6 16. Ba3 c5 17. 0-0 Qh3 18. Nd2 Re6 19. Qg5 Rde8 20. Qf5 Qh6 21. Qf4 g5 22. Qf5 Rg6 23. Qg4 Ree6 24. b4 Re5 25. Qc8+ Kg7 26. Qg4 Kh8 27. bxc5 bxc5 28. c4 f6 29. Nf3 Re8 30. Bb2 Rf8 31. Rad1 Kg8 32. Qe6+ Kh8 33. Qg4 Rg7 34. Rd5 Kg8 35. Qe6+ Rgf7 36. Nxg5 c6 37. Nxf7 Rxf7 38. Rd8+ Kg7 39. Qg4+ Qg6 40. Qxg6+ hxg6 41. Rd6 a5 42. Rxc6 a4 43. a3 g5 44. Rxc5 Rb7 45. Rxg5+ Kf7 46. Rb5 Ra7 47. Rh5 Rb7 48. Rh7+ Ke6 49. Rxb7 1-0

[Event "GER-chT U14 Girls"]
[Site "Greifswald"]
[Date "2003.12.28"]
[Round "4.3"]
[White "Bothe, Ann Marie"]
[Black "Nieberle, Julia"]
[Result "1/2-1/2"]
[WhiteElo "814"]
[BlackElo "1275"]
[PlyCount "30"]
[EventDate "2003.12.27"]
[EventType "team-swiss"]
[EventRounds "7"]
[EventCountry "GER"]
[SourceTitle "EXT 2022"]
[Source "ChessBase"]
[SourceDate "2021.10.06"]
[SourceVersion "1"]
[SourceVersionDate "2021.10.06"]
[SourceQuality "1"]
[WhiteTeam "Graefelfing SK U14 Girls"]
[BlackTeam "Schwabmuenchen U14 Girls"]
[WhiteTeamCountry "GER"]
[BlackTeamCountry "GER"]

1. e4 e5 2. Nf3 Nc6 3. d4 exd4 4. Nxd4 Bc5 5. Be3 Bxd4 6. Bxd4 Nxd4 7. Qxd4 Qf6 8. Qxf6 Nxf6 9. Nc3 d6 10. h3 0-0 11. Bd3 Re8 12. 0-0 Bd7 13. Rfe1 Re7 14. Re3 Rae8 15. Rae1 Re5 1/2-1/2